Loading...
| Science - Biology | 1 | 4 | 1 | 0 | 50 | 17 | 77.40 | 2 | 3 |
| Literature - World Literature | 2 | 2 | 1 | 0 | 45 | 63 | 78.50 | 0 | 2 |
| Religion | 1 | 3 | 0 | 1 | 45 | 61 | 111.25 | 1 | 4 |
| Science - Chemistry | 0 | 4 | 1 | 1 | 35 | 69 | 92.75 | 0 | 3 |
| Literature - European Literature | 1 | 2 | 1 | 0 | 30 | 70 | 103.67 | 1 | 2 |
| Literature - British Literature | 0 | 3 | 1 | 1 | 25 | 116 | 128.33 | 0 | 1 |
| Pop Culture | 1 | 0 | 0 | 0 | 15 | 38 | 38.00 | 0 | 1 |
| Geography | 1 | 0 | 0 | 0 | 15 | 57 | 57.00 | 1 | 1 |
| History - World History | 1 | 0 | 0 | 0 | 15 | 51 | 51.00 | 1 | 1 |
| Philosophy | 1 | 0 | 0 | 0 | 15 | 44 | 44.00 | 1 | 1 |
| Science - Physics | 0 | 1 | 0 | 0 | 10 | 94 | 94.00 | 0 | 0 |
| Fine Arts - Visual Fine Arts | 0 | 1 | 0 | 1 | 10 | 141 | 141.00 | 0 | 0 |
| Literature - American Literature | 0 | 1 | 0 | 0 | 10 | 98 | 98.00 | 0 | 0 |
| Social Science | 0 | 0 | 0 | 0 | 0 | 0.00 | 0 | 0 | |
| Mythology | 0 | 0 | 1 | 0 | -5 | 0.00 | 0 | 0 | |
| History - European History | 0 | 0 | 1 | 0 | -5 | 0.00 | 0 | 0 | |
| History - American History | 0 | 0 | 1 | 0 | -5 | 0.00 | 0 | 0 | |
| Fine Arts - Other Fine Arts | 0 | 0 | 1 | 0 | -5 | 0.00 | 0 | 0 |